<?xml version="1.0" encoding="UTF-8"?>
<record
    xmlns:xsi="http://www.w3.org/2001/XMLSchema-instance"
    xsi:schemaLocation="http://www.loc.gov/MARC21/slim http://www.loc.gov/standards/marcxml/schema/MARC21slim.xsd"
    xmlns="http://www.loc.gov/MARC21/slim">

  <leader>02211nam a22002417a 4500</leader>
  <controlfield tag="005">20211029162431.0</controlfield>
  <controlfield tag="008">211029b           ||||| |||| 00| 0 eng d</controlfield>
  <datafield tag="020" ind1=" " ind2=" ">
    <subfield code="a">8170492491</subfield>
  </datafield>
  <datafield tag="040" ind1=" " ind2=" ">
    <subfield code="c">AL</subfield>
  </datafield>
  <datafield tag="041" ind1=" " ind2=" ">
    <subfield code="a">eng</subfield>
  </datafield>
  <datafield tag="082" ind1=" " ind2=" ">
    <subfield code="2">23</subfield>
    <subfield code="a">355.0092</subfield>
    <subfield code="b">PADG</subfield>
  </datafield>
  <datafield tag="100" ind1=" " ind2=" ">
    <subfield code="a">S Padmanabhan</subfield>
    <subfield code="9">9343</subfield>
  </datafield>
  <datafield tag="245" ind1=" " ind2=" ">
    <subfield code="a">General Speaks</subfield>
  </datafield>
  <datafield tag="260" ind1=" " ind2=" ">
    <subfield code="a">New Delhi</subfield>
    <subfield code="b">Manas Publications</subfield>
    <subfield code="c">2005</subfield>
  </datafield>
  <datafield tag="300" ind1=" " ind2=" ">
    <subfield code="a">234 p.</subfield>
    <subfield code="b">HB</subfield>
    <subfield code="c">22x15 cm.</subfield>
  </datafield>
  <datafield tag="520" ind1=" " ind2=" ">
    <subfield code="a">The Book Raises Vital Questions Of War And Peace And Identifies The Key Players Who Will Determine What Conditions Shall Prevail In The 21St Century South Asia. It Traces The Evolution Of Modern Armies And Assesses, How Well Prepared The Indian Army Is To Face The Challenges Ahead. The Author S Reviews Of The Years 2001 And 2002, When He Was In Command Of The Indian Army, Will Be Read With Considerable Interest, As India And Pakistan Came To The Brink Of War, In 2002. He Examines The Concept Of War For Validity And Ability To Solve Problems In The Modern Era And Concludes That Some Form Of A Warfare Will Continue. He Presents A Scenario Of A Future War And Draws Lessons From The Plans And Actions Of The Belligerants. He Also Deals With Intelligence, At Length, Cross-Border Terrorism And Media Management. His Pleading For The Concept Of Chief Of The Defence Staff (Cds) Will Be Of Special Interests For The Policy Makers, Defence Administrators And Readers At Large. His Views On Political Control Of The Army And The Linkage Between Foreign Policy And National Security Will Evoke Considerable Interest And Perhaps Some Controversy. The Chapters Dealing With The Soldiers Of India And Pakistan, Provide An Insight Into Their Psyche. The Chapter`Piece De Resistance , Of The Book I.E. `Is Peace Breaking Out In South Asia? Has Been Dealt With Balance And Candour And Will Provide The People And The Leaders Of Both India And Pakistan With Some Food For Thought.</subfield>
    <subfield code="u">https://xdasi2021.bio.nyu.edu/71nlp5v0tazj/19-meaghan-treutel-1/general-speaks-9788170492498-7RKEMldVia.pdf</subfield>
  </datafield>
  <datafield tag="650" ind1=" " ind2=" ">
    <subfield code="a">Military Science</subfield>
    <subfield code="9">9344</subfield>
  </datafield>
  <datafield tag="650" ind1=" " ind2=" ">
    <subfield code="a">National Security</subfield>
    <subfield code="9">9345</subfield>
  </datafield>
  <datafield tag="650" ind1=" " ind2=" ">
    <subfield code="a">Command of Troops</subfield>
    <subfield code="9">9346</subfield>
  </datafield>
  <datafield tag="650" ind1=" " ind2=" ">
    <subfield code="a">Armed Forces</subfield>
    <subfield code="9">9347</subfield>
  </datafield>
  <datafield tag="700" ind1=" " ind2=" ">
    <subfield code="a">PADMANABHAN (S)</subfield>
    <subfield code="9">9348</subfield>
  </datafield>
  <datafield tag="942" ind1=" " ind2=" ">
    <subfield code="2">ddc</subfield>
    <subfield code="c">GF</subfield>
  </datafield>
  <datafield tag="999" ind1=" " ind2=" ">
    <subfield code="c">220297</subfield>
    <subfield code="d">220297</subfield>
  </datafield>
  <datafield tag="952" ind1=" " ind2=" ">
    <subfield code="0">0</subfield>
    <subfield code="1">0</subfield>
    <subfield code="2">ddc</subfield>
    <subfield code="4">0</subfield>
    <subfield code="7">0</subfield>
    <subfield code="8">OTH</subfield>
    <subfield code="a">AL</subfield>
    <subfield code="b">AL</subfield>
    <subfield code="d">2013-03-24</subfield>
    <subfield code="l">0</subfield>
    <subfield code="o">355.0092 PADG</subfield>
    <subfield code="p">GF00455</subfield>
    <subfield code="r">2021-10-29 00:00:00</subfield>
    <subfield code="u">https://xdasi2021.bio.nyu.edu/71nlp5v0tazj/19-meaghan-treutel-1/general-speaks-9788170492498-7RKEMldVia.pdf</subfield>
    <subfield code="w">2021-10-29</subfield>
    <subfield code="y">GF</subfield>
  </datafield>
</record>
